Who Wrote That? - Statistics

General Stats
  • This quiz has been taken 133 times
  • The average score is 6 of 10
Answer Stats
Hint Explanation Answer % Correct
“As Gregor Samsa awoke one morning from uneasy dreams he found himself transformed in his bed into a gigantic insect.” The Metamorphosis Franz Kafka
89%
"It was the best of times, it was the worst of times, it was the age of wisdom, it was the age of foolishness, it was the epoch of belief, it was the epoch of incredulity, it was the season of Light, it was the season of Darkness, it was the spring of hope, it was the winter of despair…” A Tale of Two Cities Charles Dickens
86%
“It is a truth universally acknowledged, that a single man in possession of a good fortune, must be in want of a wife.” Pride and Prejudice Jane Austen
80%
“Because I could not stop for Death –
He kindly stopped for me –
The Carriage held but just Ourselves –
And Immortality.”
“Because I Could not Stop for Death” Emily Dickinson
67%
“Two roads diverged in a wood, and I—
I took the one less traveled by,
And that has made all the difference.”
“The Road Not Taken” Robert Frost
67%
“Don’t ever tell anybody anything. If you do, you start missing everybody.” The Catcher in the Rye J. D. Salinger
57%
“Happy families are all alike; every unhappy family is unhappy in its own way.” Anna Karenina Leo Tolstoy
52%
“I took a deep breath and listened to the old brag of my heart. I am, I am, I am.” The Bell Jar Sylvia Plath
47%
“The only people for me are the mad ones, the ones who are mad to live, mad to talk, mad to be saved, desirous of everything at the same time, the ones who never yawn or say a commonplace thing, but burn, burn, burn like fabulous yellow roman candles exploding like spiders across the stars.” On the Road Jack Kerouac
40%
“…and Gibraltar as a girl where I was a Flower of the mountain yes when I put the rose in my hair like the Andalusian girls used or shall I wear a red yes and how he kissed me under the Moorish wall and I thought well as well him as another and then I asked him with my eyes to ask again yes and then he asked me would I yes to say yes my mountain flower and first I put my arms around him yes and drew him down to me so he could feel my breasts all perfume yes and his heart was going like mad and yes I said yes I will Yes.” Ulysses James Joyce
32%
No matching quizzes found
Score Distribution
Percent of People with Each Score
Percentile by Number Answered
Your Score History
You have not taken this quiz